书目信息 |
| 题名: |
卡耐基沟通的艺术与处世智慧
|
|
| 作者: | ;王红星 编译 ;戴尔卡耐基 著 | |
| 分册: | ||
| 出版信息: | 北京 中国华侨出版社 2012.07 |
|
| 页数: | 262页 | |
| 开本: | 24cm | |
| 丛书名: | ||
| 单 册: | ||
| 中图分类: | C912.11 | |
| 科图分类: | ||
| 主题词: | 人际关系--ren ji guan xi--通俗读物 | |
| 电子资源: | ||
| ISBN: | 978-7-5113-2337-8 | |
| 000 | 01169nam0 2200289 450 | |
| 001 | 0100121338 | |
| 005 | 20241125081309.17 | |
| 010 | @a978-7-5113-2337-8@dCNY32.00 | |
| 100 | @a20120530d2012 em y0chiy50 ea | |
| 101 | 1 | @achi@ceng |
| 102 | @aCN@b110000 | |
| 105 | @ay z 000yy | |
| 200 | 1 | @a卡耐基沟通的艺术与处世智慧@Anai ji gou tong de yi shu yu chu shi zhi hui@d= The art of communication and wisdom of life@f戴尔·卡耐基著@Fdai er nai ji zhu@g王红星编译@Gwang hong xing bian yi@zeng |
| 205 | @a最新增订珍藏版 | |
| 210 | @a北京@c中国华侨出版社@d2012.07 | |
| 215 | @a262页@d24cm | |
| 330 | @a本书主要内容包括: 拥有好口才的八个原则 ; 成为沟通高手的六项修炼 ; 让别人赞同你的八个完美沟通技巧 ; 完善说话风格和个性的六个技巧等。 | |
| 500 | 10 | @aArt of communication and wisdom of life@mChinese |
| 510 | @a= The art of communication and wisdom of life | |
| 540 | @a卡耐基沟通的艺术与处世智慧 | |
| 606 | 0 | @a人际关系@Aren ji guan xi@j通俗读物 |
| 690 | @aC912.11@v5 | |
| 702 | 0 | @a王红星@Awang hong xing@4编译 |
| 711 | 0 | @a戴尔卡耐基@Adai er nai ji@4著 |
| 801 | @aCN@b河南城建学院图书馆 | |
| 901 | @a1414 | |
| 905 | @b1219609-11@dC912.11@eD10302@f3 | |
| 卡耐基沟通的艺术与处世智慧= The art of communication and wisdom of life/戴尔·卡耐基著/王红星编译.-最新增订珍藏版.-北京:中国华侨出版社,2012.07 |
| 262页;24cm |
| ←并列题名:= The art of communication and wisdom of life |
| ISBN 978-7-5113-2337-8:CNY32.00 |
| 本书主要内容包括: 拥有好口才的八个原则 ; 成为沟通高手的六项修炼 ; 让别人赞同你的八个完美沟通技巧 ; 完善说话风格和个性的六个技巧等。 |
| ● |
| 相关链接 |
|
|
|
正题名:卡耐基沟通的艺术与处世智慧
索取号:C912.11/D10302
 
预约/预借
| 序号 | 登录号 | 条形码 | 馆藏地/架位号 | 状态 | 备注 |
| 1 | 1219609 | 212196096 | 社科库509/509社科库 58排5列6层/ [索取号:C912.11/D10302.] | 在馆 | |
| 2 | 1219610 | 212196103 | 社科库509/509社科库 58排5列6层/ [索取号:C912.11/D10302.] | 在馆 | |
| 3 | 1219611 | 212196112 | 社科库509/509社科库 58排5列6层/ [索取号:C912.11/D10302.] | 在馆 | |
| 4 | 1554184 | 215541849 | 社科库509/ [索取号:C912.11/D10302] | 在馆 |